Statistics for Highest-Scoring Jetpunk Quiz #25 in 15 Seconds

Click here to take the quiz!

General Stats

  • This quiz has been taken 11 times
  • The average score is 4 of 6

Answers on the Map

Answers color-coded by a green-red scale on the quiz's map according to % correct below.
 

Answer Stats

countries% Correct
India
100%
Myanmar
80%
Bangladesh
70%
Thailand
70%
Sri Lanka
50%
Indonesia
40%

Score Distribution

Percentile by Number Answered

Percent of People with Each Score

Your Score History

You have not taken this quiz